Statistics for NFL Starting Quarterbacks 2017-18

Click here to take the quiz!

General Stats

  • This quiz has been taken 203 times
  • The average score is 19 of 32

Answer Stats

TeamAnswer% Correct
Atlanta FalconsMatt Ryan
95%
Carolina PanthersCam Newton
91%
Baltimore RavensJoe Flacco
88%
New England PatriotsTom Brady
85%
Cincinnati BengalsAndy Dalton
83%
Dallas CowboysDak Prescott
83%
Green Bay PackersAaron Rodgers
81%
New York GiantsEli Manning
78%
Detroit LionsMatthew Stafford
78%
New Orleans SaintsDrew Brees
76%
Buffalo BillsTyrod Taylor
75%
Kansas City ChiefsAlex Smith
73%
Arizona CardinalsCarson Palmer
69%
Jacksonville JaguarsBlake Bortles
68%
Philadelphia EaglesCarson Wentz
67%
Oakland RaidersDerek Carr
67%
Miami DolphinsJay Cutler
61%
Houston TexansDeshaun Watson
55%
Seattle SeahawksRussell Wilson
54%
Washington RedskinsKirk Cousins
53%
Los Angeles RamsJared Goff
51%
San Diego ChargersPhilip Rivers
46%
Minnesota VikingsSam Bradford
46%
Tennessee TitansMarcus Mariota
43%
Indianapolis ColtsJacoby Brissett
36%
Cleveland BrownsDeShone Kizer
34%
Tampa Bay BuccaneersJameis Winston
34%
Chicago BearsMike Glennon
34%
New York JetsJosh McCown
30%
Denver BroncosTrevor Siemian
30%
San Fransisco 49ersBrian Hoyer
20%
Pittsburgh SteelersBen Rothlisberger
11%

Score Distribution

Percentile by Number Answered

Percent of People with Each Score

Your Score History

You have not taken this quiz